[Event "Cancun Camara Cup 11th"]
[Site "Cancun"]
[Date "2023.10.13"]
[Round "4"]
[White "Figueredo Losada, Leonel"]
[Black "Huertas Soris, Ramon Antonio"]
[Result "1-0"]
[WhiteElo "2365"]
[BlackElo "2060"]
[PlyCount "47"]
[EventDate "2023.10.11"]
[EventType "swiss"]
[EventRounds "9"]
[EventCountry "MEX"]
[SourceTitle "Mega2024 Update 01"]
[Source "Chessbase"]
[SourceDate "2023.11.12"]
[SourceVersion "1"]
[SourceVersionDate "2023.11.12"]
[SourceQuality "1"]

1. e4 e6 2. d4 d5 3. Nd2 c5 4. Ngf3 cxd4 5. exd5 Qxd5 6. Bc4 Qd7 7. 0-0 Nc6 8. Nb3 a6 9. Qe2 Bd6 10. Rd1 Nge7 11. a4 Qc7 12. Nbxd4 Ne5 13. Nxe5 Bxe5 14. Nf3 Bf6 15. Ng5 0-0 16. Ra3 Ng6 17. Ne4 Be7 18. Rc3 Bb4 19. Rg3 Rd8 20. Bd3 Be7 21. Ng5 Rd5 22. c4 Re5 23. Qf3 Bxg5 24. Bxg5 1-0

[Event "Cancun Camara Cup 11th"]
[Site "Cancun"]
[Date "2023.10.12"]
[Round "3"]
[White "Albornoz Cabrera, Carlos Daniel"]
[Black "Figueredo Losada, Leonel"]
[Result "1-0"]
[WhiteElo "2582"]
[BlackElo "2365"]
[PlyCount "85"]
[EventDate "2023.10.11"]
[EventType "swiss"]
[EventRounds "9"]
[EventCountry "MEX"]
[SourceTitle "Mega2024 Update 01"]
[Source "Chessbase"]
[SourceDate "2023.11.12"]
[SourceVersion "1"]
[SourceVersionDate "2023.11.12"]
[SourceQuality "1"]

1. e4 e5 2. Nf3 Nc6 3. Bb5 a6 4. Ba4 d6 5. 0-0 Bd7 6. c3 g6 7. d4 Bg7 8. Re1 Nf6 9. h3 0-0 10. Bc2 Nh5 11. a4 Qe8 12. Na3 Kh8 13. Nc4 b6 14. Be3 a5 15. Qd2 f5 16. Bh6 f4 17. Bxg7+ Nxg7 18. dxe5 Be6 19. Qd3 dxe5 20. Ncxe5 Nxe5 21. Nxe5 Bxh3 22. Nf3 Bg4 23. Rad1 Qe7 24. Bb3 Rad8 25. Qe2 h5 26. Rxd8 Rxd8 27. e5 Ne6 28. Bxe6 Qxe6 29. Qe4 Bxf3 30. Qxf3 Rf8 31. Re4 Rf5 32. Rxf4 Qxe5 33. Rxf5 Qxf5 34. Qxf5 gxf5 35. f4 Kg7 36. Kf2 Kf6 37. Ke3 Ke6 38. Kd4 Kd6 39. b4 h4 40. b5 Ke6 41. c4 Kd6 42. c5+ Ke6 43. Kc4 1-0

[Event "Titled Tuesday intern op 26th Sep Early"]
[Site "Chess.com INT"]
[Date "2023.09.26"]
[Round "3"]
[White "Figueredo Losada, Leonel"]
[Black "Pourkashiyan, Atousa"]
[Result "0-1"]
[WhiteElo "2367"]
[BlackElo "2288"]
[PlyCount "58"]
[EventDate "2023.09.26"]
[EventType "swiss (blitz)"]
[EventRounds "11"]
[EventCountry "USA"]
[SourceTitle "EXT 2024"]
[Source "ChessBase"]
[SourceDate "2023.10.10"]
[SourceVersion "1"]
[SourceVersionDate "2023.10.10"]
[SourceQuality "1"]

1. e4 e5 2. Nf3 Nf6 3. d4 Nxe4 4. Bd3 Nc6 5. dxe5 Nc5 6. Be2 d6 7. Bf4 dxe5 8. Qxd8+ Nxd8 9. Nxe5 Bf5 10. Na3 Nce6 11. Bg3 Bxa3 12. bxa3 Bxc2 13. Rc1 Be4 14. 0-0 Nc6 15. Bb5 0-0 16. Nxc6 bxc6 17. Bxc6 Bxc6 18. Rxc6 Rab8 19. Ra6 Rb7 20. Be5 Rd8 21. f4 Rd2 22. f5 Nc5 23. Rc6 f6 24. Bf4 Rd5 25. Bxc7 Rb2 26. Re1 h5 27. Bf4 Nd3 28. Re8+ Kf7 29. Be3 Kxe8 0-1

[Event "Titled Tuesday intern op 19th Sep Early"]
[Site "Chess.com INT"]
[Date "2023.09.19"]
[Round "6"]
[White "Figueredo Losada, Leonel"]
[Black "Kobalia, Mihail"]
[Result "1-0"]
[WhiteElo "2367"]
[BlackElo "2542"]
[PlyCount "99"]
[EventDate "2023.09.19"]
[EventType "swiss (blitz)"]
[EventRounds "11"]
[EventCountry "USA"]
[SourceTitle "EXT 2024"]
[Source "ChessBase"]
[SourceDate "2023.10.10"]
[SourceVersion "1"]
[SourceVersionDate "2023.10.10"]
[SourceQuality "1"]

1. e4 c5 2. Nc3 Nc6 3. f4 g6 4. Nf3 Bg7 5. a4 d6 6. Bb5 Nf6 7. Bxc6+ bxc6 8. 0-0 0-0 9. d3 Rb8 10. Qe1 Bg4 11. Nd2 Bc8 12. Nf3 Ne8 13. f5 gxf5 14. Qh4 fxe4 15. Ng5 h6 16. Ngxe4 f5 17. Bxh6 fxe4 18. Rxf8+ Kxf8 19. Bxg7+ Kxg7 20. Qg5+ Kf7 21. Qh5+ Kg8 22. Rf1 Be6 23. Nxe4 Ng7 24. Qh6 Qe8 25. Ng5 Qh5 26. Qxh5 Nxh5 27. Nxe6 Rxb2 28. Rf8+ Kh7 29. g4 Nf6 30. g5 Nd5 31. h4 Kg6 32. Rf2 Kh5 33. Ng7+ Kxh4 34. g6 Rb1+ 35. Kh2 Kg5 36. Rg2+ Kh6 37. Nf5+ Kh5 38. g7 Nf6 39. Nxe7 Ra1 40. Rf2 Ng4+ 41. Kg3 Rg1+ 42. Rg2 Rxg2+ 43. Kxg2 Nf6 44. g8Q Nxg8 45. Nxg8 Kg5 46. Ne7 Kf4 47. Nxc6 Ke3 48. Nxa7 Kd4 49. Nb5+ Kd5 50. Kf3 1-0

[Event "Titled Tuesday intern op 19th Sep Early"]
[Site "Chess.com INT"]
[Date "2023.09.19"]
[Round "5"]
[White "Figueredo Losada, Leonel"]
[Black "Postny, Evgeny"]
[Result "1-0"]
[WhiteElo "2367"]
[BlackElo "2570"]
[PlyCount "65"]
[EventDate "2023.09.19"]
[EventType "swiss (blitz)"]
[EventRounds "11"]
[EventCountry "USA"]
[SourceTitle "EXT 2024"]
[Source "ChessBase"]
[SourceDate "2023.10.10"]
[SourceVersion "1"]
[SourceVersionDate "2023.10.10"]
[SourceQuality "1"]

1. e4 e5 2. Nf3 Nf6 3. d4 Nxe4 4. Bd3 Nc6 5. dxe5 d5 6. Nbd2 Nc5 7. Be2 Bf5 8. Nb3 Ne6 9. Bb5 Bg4 10. h3 Bxf3 11. Qxf3 Be7 12. 0-0 0-0 13. Bxc6 bxc6 14. Qg4 c5 15. Rd1 c6 16. c3 c4 17. Nd4 Nxd4 18. cxd4 Qc8 19. Qe2 Qb7 20. f4 f5 21. g4 a5 22. Kh2 a4 23. Be3 Rab8 24. Rab1 Qd7 25. Rg1 Rb7 26. Qc2 a3 27. bxa3 Rxb1 28. Qxb1 g6 29. a4 Kh8 30. a5 Ra8 31. Bd2 Qe6 32. Qb7 Qc8 33. Qxe7 1-0

[Event "Titled Tuesday intern op 12th Sep Early"]
[Site "Chess.com INT"]
[Date "2023.09.12"]
[Round "2"]
[White "Filali, Razzouki Marouan"]
[Black "Figueredo Losada, Leonel"]
[Result "1-0"]
[WhiteElo "2234"]
[BlackElo "2367"]
[PlyCount "49"]
[EventDate "2023.09.12"]
[EventType "swiss (blitz)"]
[EventRounds "11"]
[EventCountry "USA"]
[SourceTitle "EXT 2024"]
[Source "ChessBase"]
[SourceDate "2023.10.10"]
[SourceVersion "1"]
[SourceVersionDate "2023.10.10"]
[SourceQuality "1"]

1. e4 c5 2. Nf3 d6 3. d4 cxd4 4. Nxd4 Nf6 5. Nc3 g6 6. f3 Bg7 7. Be3 0-0 8. Qd2 Nc6 9. Bc4 Bd7 10. Bb3 Ne5 11. 0-0-0 b5 12. Ncxb5 Qb8 13. Kb1 Bxb5 14. h4 a5 15. f4 Nxe4 16. Qe1 Nc4 17. h5 a4 18. Bxc4 Bxc4 19. hxg6 hxg6 20. f5 e5 21. Qh4 Nf6 22. Bg5 Nh5 23. Nc6 Qb7 24. Ne7+ Kh7 25. Qxh5+ 1-0